Biblioteka Instytutu Północnego w Olsztynie

O uczniu żołnierzu / (Rekord nr 27866)

Szczegóły MARC
000 -Nagłówek
fixed length control field 02118nam a2200529 i 4500
001 - Nr kontrolny bibl., która utworzyła rek.
control field xx004951327
003 - Siglum bibl., której nr kontr. jest w 001
control field NUKAT
005 - Data i czas ostatniej operacji
control field 20260429124207.0
008 - Elementy pola stałej długości
fixed length control field 200922s2020 pl a |000 0 pol c
020 ## - ISBN
ISBN 9788380989856
dopowiedzenie (oprawa miękka) :
warunki dostępności zł 35,00
035 ## - Systemowy numer kontrolny
systemowy numer kontrolny (OCoLC)1199649001
035 ## - Systemowy numer kontrolny
systemowy numer kontrolny (NUKAT)xx004951327
040 ## - Instytucja sporządzająca opis
Instytucja, która sporządziła opis KAT U/JP
język katalgowania-trzyzn. kod pol
zasady opisu rda
Instytucja, która sporządziła rekord KAT U/JP
Instytucja, która zmodyfikowała rekord KAT U/JP
-- OLSZT 008/bak
045 2# - Okres czasu dla zawartości
czas między r. 9999 pne a nasz. czas. d1920
-- d1922
046 ## - Kod rodz. daty, data1, data2 (daty pne)
Begin/single date 1922
245 00 - Tytuł właściwy i oznaczenie odpow.
tytuł O uczniu żołnierzu /
dod. inf. ze s. tyt./ozn. odpow. opracował Kazimierz Konarski.
260 ## - Adres wydawniczy
miejsce wydania, dystrybucji itp. Warszawa :
nazwa wydawcy, dystrybutora itp. Instytut Pamięci Narodowej. Komisja Ścigania Zbrodni Przeciwko Narodowi Polskiemu,
data wydania, dystrybucji itp. 2020.
300 ## - Opis fizyczny
objętość i/lub forma materiału 278, [1] strona :
inne szczegóły opisu fizycznego ilustracje ;
format 21 cm.
336 ## - Content Type
Term Tekst
Code txt
Source rdacontent
337 ## - Media Type
Term Bez urządzenia pośredniczącego
Code n
Source rdamedia
338 ## - Carrier Type
Term Wolumin
Code nc
Source rdacarrier
380 ## - Form of work
Form of work Książki
380 ## - Form of work
Form of work Literatura faktu, eseje, publicystyka
386 ## - Creator/Contributor Characteristics
Demographic group term Przynależność kulturowa
Creator/contributor term Literatura polska
388 1# - TIME PERIOD OF CREATION
Time period of creation term 1901-2000
388 1# - TIME PERIOD OF CREATION
Time period of creation term 1918-1939
490 1# - Tytuł serii i ks. wielotom.-nie do wysz.
oznaczenie serii Biblioteka Akademii Niepodległości
648 #7 - SUBJECT ADDED ENTRY--CHRONOLOGICAL TERM
Chronological term 1901-2000
Source of heading or term DBN
9 (RLIN) 34996
648 #7 - SUBJECT ADDED ENTRY--CHRONOLOGICAL TERM
Chronological term 1918-1939
Source of heading or term DBN
9 (RLIN) 36041
650 #7 - Hasło przedmiotowe-nazwa pospolita
nazwa pospolita lub geogr. Dzieci-żołnierze
źródło hasła DBN
9 (RLIN) 40867
650 #7 - Hasło przedmiotowe-nazwa pospolita
nazwa pospolita lub geogr. Szkolnictwo średnie
źródło hasła DBN
9 (RLIN) 40868
650 #7 - Hasło przedmiotowe-nazwa pospolita
nazwa pospolita lub geogr. Wojna polsko-bolszewicka (1919-1920)
źródło hasła DBN
9 (RLIN) 35671
650 #7 - Hasło przedmiotowe-nazwa pospolita
nazwa pospolita lub geogr. Wojna polsko-bolszewicka (1919-1920)
określnik rzeczowy udział młodzieży.
źródło hasła kaba
9 (RLIN) 40869
650 #7 - Hasło przedmiotowe-nazwa pospolita
nazwa pospolita lub geogr. Wojna polsko-bolszewicka (1919-1920)
określnik formy relacje osobiste Polaków.
źródło hasła kaba
9 (RLIN) 38400
651 #7 - Hasło przedmiotowe-nazwa geogr.
nazwa geograficzna Polska
źródło hasła DBN
9 (RLIN) 35076
655 #7 - Termin określający rodzaj/formę
rodzaj/forma Antologia
źródło terminu DBN
9 (RLIN) 34961
655 #7 - Termin określający rodzaj/formę
rodzaj/forma Opracowanie
źródło terminu DBN
9 (RLIN) 35024
655 #7 - Termin określający rodzaj/formę
rodzaj/forma Pamiętniki i wspomnienia
źródło terminu DBN
9 (RLIN) 35005
655 #7 - Termin określający rodzaj/formę
rodzaj/forma Wydawnictwo źródłowe
źródło terminu DBN
9 (RLIN) 35066
658 ## - Nazwa określająca cel programu nauczania
główny cel programu nauczania Bezpieczeństwo i wojskowość
658 ## - Nazwa określająca cel programu nauczania
główny cel programu nauczania Historia
700 1# - Hasło dodatkowe - nazwa osobowa
nazwa osobowa Konarski, Kazimierz
daty biograficzne (1886-1972).
rodzaj współpracy Opracowanie
9 (RLIN) 13904
710 2# - Hasło dodatkowe - nazwa ciała zbior.
nazwa ciała zbior. lub nazwa geogr. Instytut Pamięci Narodowej - Komisja Ścigania Zbrodni przeciwko Narodowi Polskiemu.
rodzaj współpracy Wydawca
kod rodzaju współpracy pbl
9 (RLIN) 11792
830 #0 - Hasło dod. serii i op. ks. wielotom. -tyt
tytuł Biblioteka Akademii Niepodległości
9 (RLIN) 16406
920 ## - ISBN
ISBN 978-83-8098-985-6 (oprawa miękka) : zł 35,00
942 ## - ADDED ENTRY ELEMENTS (KOHA)
Source of classification or shelving scheme Dewey Decimal Classification
Koha item type pozycje dostępne na miejscu
Egzemplarze
Status wycofania Status zagubienia Klasyfikacja Status uszkodzenia Blokada wypożyczeń Kolekcja Lokalizacja macierzysta Lokalizacja bieżąca Data nabycia Numer akcesji Źródło akcesji Cena Nr inwentarzowy il. wypożyczeń Sygnatura Kod kreskowy Date last seen Price effective from Typ egz.
    Dewey Decimal Classification nieuszkodzona   książka w magazynie Biblioteka Instytutu Północnego w Olsztynie Biblioteka Instytutu Północnego w Olsztynie 30/11/2020 D-36/2020 dar 35.00 59969   59969 IPWK24073 29/04/2026 29/04/2026 pozycje dostępne na miejscu
Biblioteka Instytutu Północnego, ul. Partyzantów 87, 10-402 Olsztyn, email: biblioteka(at)ip.olsztyn.pl